00611 2200205 4500001002100000005001700021008004100038020001800079035002400097082001000121090002300131100001700154245007400171250001100245260003100256300002800287500005500315650001400370999002100384YOGYA-0411000000008220110404092004.0 ind  a979-672-791-9 0010-041100000000082 a153.3 a153.3bTejcIlDEP aTEJOWORO, H. aImaji dan imajinasi : suatu telaah filsafat post modern/ H. Tejoworo. aCet.1. aYogyakartabKanisiusc2001 a158 hlm.bilus.c23 cm. aDiterbitkan atas kerjasama dengan Yayasan Adikarya aImajinasi aCB-D.11 2001-109